00000000nam##2200000za#4500
0019.581624
003CaOODSP
00520231208112833
007cr |||||||||||
008150406|2011||||xxc|||||o    f|0| 0 eng|d
040 |aCaOODSP|beng
043 |an-cn---
0861 |aPS83-5/R247E-PDF
1101 |aCorrectional Service Canada. |bResearch Branch.
24510|aFetal Alcohol Spectrum Disorder (FASD) in a correctional population : |h[electronic resource]|bprevalence, screening and characteristics / |cprepared by : Patricia MacPherson.
260 |aOttawa - Ontario : |bCorrectional Service Canada. |cJune 2011.
300 |a1p.
4901 |aResearch at a glance|vR-247
590 |a15-05-Supp|b2015-03-31
77508|tEnsemble des troubles causés par l'alcoolisation foetale (ETCAF) dans une population carcérale : |w(CaOODSP)9.608393
830#0|aResearch at a glance (Correctional Service Canada)|vR-247|w(CaOODSP)9.506649
85640|ahttp://publications.gc.ca|qPDF|s129 KB|uhttps://publications.gc.ca/collections/collection_2015/scc-csc/PS83-5-R247-eng.pdf|yR-247